| 000 | 01492nam a2200265 a 4500 | ||
|---|---|---|---|
| 001 | 001161203 | ||
| 003 | AM-YeHGA | ||
| 005 | 20250617152450.0 | ||
| 008 | 160701s2015 ai ||||frg||||001|0|arm|d | ||
| 020 | _a9789939909820 | ||
| 040 | _aAM-YeHGA | ||
| 041 | 0 | _aarm | |
| 245 | 0 | 0 |
_aՀայոց եղեռնապատումի գրականությունը : _bՀայոց ցեղասպանության 100-րդ տարելիցին նվիրված գիտաժողովի նյութեր՝ մայիսի 20, 2015 / _cԿազմեց և խմբագրեց՝ Լ. Գալստյան; Համազգային հայ կրթական և մշակութային միություն; Երևանի պետական համալսարան. |
| 260 |
_aԵրևան : _bԼուսակն, _c2015. |
||
| 300 |
_a162 էջ ; _c20 սմ. |
||
| 504 | _aՏողատակում՝ մատենագիտական ծանոթագրություններով | ||
| 650 | 1 | 4 | _aՀայոց ցեղասպանություն, 1915-1923 |
| 650 | 1 | 4 | _aԳրականագիտություն |
| 700 | 1 |
_aԳալստյան, Լիլիթ Սերյոժայի, _d1962- _eկազմ., խմբ. _4com _4edt |
|
| 710 | 2 | _aՀամազգային հայ կրթական եւ մշակութային միություն | |
| 710 | 2 | _aԵրևանի պետական համալսարան | |
| 711 | 2 |
_aՀայոց ցեղասպանության 100-րդ տարելիցին նվիրված գիտաժողովի նյութեր _cԵրևան _dմայիսի 20, 2015 |
|
| 901 | _aNLAACRA | ||
| 090 | _c373049 | ||
| 999 |
_c371171 _d371171 |
||